Hochmittelalterliches Kruzifix
In der Vorhalle des Merseburger Doms
| Main Author: | |
|---|---|
| Format: | Print Article |
| Language: | German |
| Check availability: | HBZ Gateway |
| Interlibrary Loan: | Interlibrary Loan for the Fachinformationsdienste (Specialized Information Services in Germany) |
| Published: |
2008
|
| In: |
Der Merseburger Dom und seine Schätze
Year: 2008, Pages: 121-122 |
MARC
| LEADER | 00000caa a2200000 c 4500 | ||
|---|---|---|---|
| 001 | 612015343 | ||
| 003 | DE-627 | ||
| 005 | 20231221084710.0 | ||
| 007 | tu | ||
| 008 | 091103s2008 xx ||||| 00| ||ger c | ||
| 020 | |a 9783865684080 | ||
| 035 | |a (DE-627)612015343 | ||
| 035 | |a (DE-576)9612015341 | ||
| 035 | |a (DE-599)GBV612015343 | ||
| 040 | |a DE-627 |b ger |c DE-627 |e rakwb | ||
| 041 | |a ger | ||
| 100 | 1 | |a Huth, Andreas |4 aut | |
| 245 | 1 | 0 | |a Hochmittelalterliches Kruzifix |c Andreas Huth |
| 264 | 1 | |c 2008 | |
| 300 | |b Ill. | ||
| 336 | |a Text |b txt |2 rdacontent | ||
| 337 | |a ohne Hilfsmittel zu benutzen |b n |2 rdamedia | ||
| 338 | |a Band |b nc |2 rdacarrier | ||
| 520 | |a In der Vorhalle des Merseburger Doms | ||
| 601 | |a Kruzifix | ||
| 773 | 0 | 8 | |i In |t Der Merseburger Dom und seine Schätze |d Petersberg : Imhof, 2008 |g (2008), Seite 121-122 |h 382 S. |w (DE-627)569654270 |w (DE-576)28174761X |z 9783865684080 |z 9783865684080 |7 nnam |
| 773 | 1 | 8 | |g year:2008 |g pages:121-122 |
| 935 | |a mteo | ||
| 951 | |a AR | ||
| ELC | |b 1 | ||
| LOK | |0 000 xxxxxcx a22 zn 4500 | ||
| LOK | |0 001 4442605742 | ||
| LOK | |0 003 DE-627 | ||
| LOK | |0 004 612015343 | ||
| LOK | |0 005 20231221083645 | ||
| LOK | |0 008 231221||||||||||||||||ger||||||| | ||
| LOK | |0 040 |a DE-Tue135 |c DE-627 |d DE-Tue135 | ||
| LOK | |0 092 |o n | ||
| LOK | |0 852 |a DE-Tue135 | ||
| LOK | |0 852 1 |9 00 | ||
| LOK | |0 939 |a 21-12-23 |b l01 | ||
| ORI | |a SA-MARC-ixtheoa001.raw | ||